书目信息 |
| 题名: |
新时期政治教师基本功
|
|
| 作者: | 方培君 主编 ;黄兰珍 册主编 | |
| 分册: | 作业、辅导与评价篇 | |
| 出版信息: | 上海 上海教育出版社 2017 |
|
| 页数: | 121页 | |
| 开本: | 24cm | |
| 丛书名: | ||
| 单 册: | ||
| 中图分类: | G633.202 | |
| 科图分类: | ||
| 主题词: | 政治课--教学研究--中学 | |
| 电子资源: | ||
| ISBN: | 978-7-5444-7563-1 | |
| 000 | 00976nam0 2200253 450 | |
| 001 | 3844 | |
| 005 | 20180527195618.27 | |
| 010 | @a978-7-5444-7563-1@dCNY24.00 | |
| 100 | @a20171018d2017 em y0chiy50 ea | |
| 101 | 0 | @achi |
| 102 | @aCN@b310000 | |
| 105 | @ay z 000yy | |
| 200 | 1 | @a新时期政治教师基本功@9xin shi qi zheng zhi jiao shi ji ben gong@i作业、辅导与评价篇@f方培君主编@g黄兰珍册主编 |
| 210 | @a上海@c上海教育出版社@d2017 | |
| 215 | @a121页@d24cm | |
| 300 | @a求本筑基集 | |
| 300 | @a本专著受上海市教师专业发展工程领导小组办公室资助 | |
| 330 | @a本书对新时期政治教师的基本功问题,尝试从备课、上课、作业与辅导、测量与评价以及教师综合素养五个角度,以来自政治教师的56个问题为核心,通过析疑、解疑,理论联系实际地阐述新时期政治教师的基本功。 | |
| 606 | 0 | @a政治课@x教学研究@x中学 |
| 690 | @aG633.202@v5 | |
| 701 | 0 | @a方培君@9fang pei jun@4主编 |
| 702 | 0 | @a黄兰珍@9huang lan zhen@4册主编 |
| 801 | 0 | @aCN@b91MARC@c20171018 |
| 905 | @aMuseLib@dG633.202@e134 | |
| 新时期政治教师基本功.作业、辅导与评价篇/方培君主编/黄兰珍册主编.-上海:上海教育出版社,2017 |
| 121页;24cm |
| 求本筑基集.-本专著受上海市教师专业发展工程领导小组办公室资助 |
| ISBN 978-7-5444-7563-1:CNY24.00 |
| 本书对新时期政治教师的基本功问题,尝试从备课、上课、作业与辅导、测量与评价以及教师综合素养五个角度,以来自政治教师的56个问题为核心,通过析疑、解疑,理论联系实际地阐述新时期政治教师的基本功。 |
| ● |
| 相关链接 |
|
|
|
|
正题名:新时期政治教师基本功
索取号:G633.202/134
 
预约/预借
| 序号 | 登录号 | 条形码 | 馆藏地/架位号 | 状态 | 备注 |
| 1 | 1110846 | 211108460 | 第一样本阅览室/ [索取号:G633.202/134] | 在馆 | |
| 2 | 1110847 | 211108479 | 教育系资料室/ [索取号:G633.202/134] | 在馆 | |
| 3 | 1110848 | 211108488 | 教育系资料室/ [索取号:G633.202/134] | 在馆 | |
| 4 | 1110849 | 211108497 | 第四借阅区/ [索取号:G633.202/134] | 在馆 |